Power processing unit for hall-effect thrusters on "Meteor-M №3 spacecraf"; MATEC Web of Conferences; Vol. 48 : Space Engineering
| Parent link: | MATEC Web of Conferences Vol. 48 : Space Engineering.— 2016.— [01007, 4 p.] |
|---|---|
| Main Author: | |
| Corporate Author: | |
| Other Authors: | |
| Summary: | Title screen The development results of power processing unit (PPU-M) for hall-effect thrusters on "Meteor-M №3" spacecraft are considered. The structure, weight, dimensions and main technical characteristics of the system in the paper are presented. The work peculiarity of the system is unstable input voltage of both power bus and control bus that increases the ripple voltages and currents at the input and the output and causes the additional requirements to the circuit design. A comparative analysis of the system characteristics and European analogs was carried out, and then a conclusion on the basis of available data that the characteristics of the system are not inferior to European analogs was made |
| Language: | English |
| Published: |
2016
|
| Series: | Spacecrafts and Devices |
| Subjects: | |
| Online Access: | http://dx.doi.org/10.1051/matecconf/20164801007 http://earchive.tpu.ru/handle/11683/33714 |
| Format: | Electronic Book Chapter |
| KOHA link: | https://koha.lib.tpu.ru/cgi-bin/koha/opac-detail.pl?biblionumber=648915 |
MARC
| LEADER | 00000nla2a2200000 4500 | ||
|---|---|---|---|
| 001 | 648915 | ||
| 005 | 20231101134536.0 | ||
| 035 | |a (RuTPU)RU\TPU\network\14074 | ||
| 035 | |a RU\TPU\network\14070 | ||
| 090 | |a 648915 | ||
| 100 | |a 20160609a2016 k y0engy50 ba | ||
| 101 | 0 | |a eng | |
| 105 | |a y z 100zy | ||
| 135 | |a drcn ---uucaa | ||
| 181 | 0 | |a i | |
| 182 | 0 | |a b | |
| 200 | 1 | |a Power processing unit for hall-effect thrusters on "Meteor-M №3 spacecraf" |f A. Moshnyakov, M. V. Mikhaylov | |
| 203 | |a Text |c electronic | ||
| 225 | 1 | |a Spacecrafts and Devices | |
| 300 | |a Title screen | ||
| 320 | |a [References: 3 tit.] | ||
| 330 | |a The development results of power processing unit (PPU-M) for hall-effect thrusters on "Meteor-M №3" spacecraft are considered. The structure, weight, dimensions and main technical characteristics of the system in the paper are presented. The work peculiarity of the system is unstable input voltage of both power bus and control bus that increases the ripple voltages and currents at the input and the output and causes the additional requirements to the circuit design. A comparative analysis of the system characteristics and European analogs was carried out, and then a conclusion on the basis of available data that the characteristics of the system are not inferior to European analogs was made | ||
| 461 | 0 | |0 (RuTPU)RU\TPU\network\4526 |t MATEC Web of Conferences | |
| 463 | 0 | |0 (RuTPU)RU\TPU\network\13956 |t Vol. 48 : Space Engineering |o IV Russian Forum for Young Scientists with International Participation, April 12-14, 2016, Tomsk, Russia |o [proceedings] |f National Research Tomsk Polytechnic University (TPU) ; eds. V. N. Borikov [et al.] |v [01007, 4 p.] |d 2016 | |
| 610 | 1 | |a электронный ресурс | |
| 610 | 1 | |a труды учёных ТПУ | |
| 610 | 1 | |a блоки | |
| 610 | 1 | |a обработка | |
| 610 | 1 | |a мощности | |
| 610 | 1 | |a эффект Холла | |
| 610 | 1 | |a двигатели малой тяги | |
| 610 | 1 | |a космические аппараты | |
| 700 | 1 | |a Moshnyakov |b A. |g Anton | |
| 701 | 1 | |a Mikhaylov |b M. V. |c specialist in the field of electronics |c Associate Professor of Tomsk Polytechnic University, candidate of technical sciences |f 1975- |g Maksim Valentinovich |2 stltpush |3 (RuTPU)RU\TPU\pers\36918 | |
| 712 | 0 | 2 | |a Национальный исследовательский Томский политехнический университет (ТПУ) |b Институт неразрушающего контроля (ИНК) |b Кафедра промышленной и медицинской электроники (ПМЭ) |h 64 |2 stltpush |3 (RuTPU)RU\TPU\col\18719 |
| 801 | 2 | |a RU |b 63413507 |c 20161123 |g RCR | |
| 856 | 4 | |u http://dx.doi.org/10.1051/matecconf/20164801007 | |
| 856 | 4 | |u http://earchive.tpu.ru/handle/11683/33714 | |
| 942 | |c CF | ||